Hodnotová analýza v hospodárskej praxi

Gespeichert in:
Bibliographische Detailangaben
1. Verfasser: Staríček, Kornel
Weitere Verfasser: Priehradný, Andrej
Format: Buch
Sprache:Slowakisch
Veröffentlicht: Bratislava Práca 1982
Tags: Tag hinzufügen
Keine Tags, Fügen Sie das erste Tag hinzu!

MARC

LEADER 00000nam a2200000 4500
001 c129255
005 20050301104118.2
041 0 |a slo 
044 |a SK 
245 1 0 |a Hodnotová analýza v hospodárskej praxi  |c Kornel Staríček, Andrej Priehradný 
264 1 |a Bratislava  |b Práca  |c 1982 
300 |a 166 s. 
100 1 |a Staríček, Kornel 
700 1 |a Priehradný, Andrej